| 000 | 02991nab a22002537a 4500 | ||
|---|---|---|---|
| 008 | 210609s2020 ua ||||ss|||| 00| 0 eng d | ||
| 040 |
_aEAL _cEAL |
||
| 041 |
_aeng _bara |
||
| 090 | _aART MUJPP V11 No12 20 | ||
| 100 | 1 |
_aEid, Rania S. M. _933192 |
|
| 240 | 1 | 0 |
_aMansoura University journal of plant production, 2020 v. 11 (12) _h[electronic resource] |
| 245 | 1 | 0 |
_aInfluence of foliar application by benzyladenine and yeast extract on growth, root yield, quality and chemical compositions of sugar beet (Beta vulgaris L.) plant _h[electronic resource] |
| 246 | 1 | 5 | _aتأثير الرش الورقى بالبنزيل أدينين ومستخلص الخميرة على النمو ومحصول الجذور وجودته والمكونات الكيميائية لنبات بنجر السكر |
| 300 | _a1341 - 1347 p. | ||
| 504 | _aIncludes bibliographic reference | ||
| 520 | _aTwo field experiments were carried out at the Experimental Research Station, Faculty of Agriculture, Moshtohor, Benha University, Qalyoubia Governorate, Egypt, during 2016/2017 and 2017/2018 seasons, to study the effect of foliar application of benzyladenine (BA at 50 and 100ppm) and yeast extract (at 100 and 200 ml/L) in which were applied three times (50, 70 and 90 days after sowing) on growth, root yield characteristics and chemical compositions of sugar beet plant (Beta vulgaris L. cv. Ras- Poly). The obtained results indicated that, the foliar application with different applied treatments of both benzyladenine and yeast extract significantly increased all vegetative growth characteristics of roots (i.e. root length, diameter, fresh and dry weights/ plant) and leaves(i.e. leaves number, total leaves area/ plant and fresh and dry weights/ plant) at 110 days after sowing).The results also indicated that the foliar application of these treatments significantly increased root yield characteristics and quality at harvest time compared with control plants in both seasons. Data also showed that, foliar spraying of BA at 100ppm and yeast extract at 200 ml/L increased photosynthetic pigments, minerals contents, total carbohydrates and crude protein content in sugar beet leaves at 110 days after sowing. Results also gave the highest values of all studied vegetative growth and root yield characteristics as well as root quality in this study. Hence, it could be concluded that foliar application of benzyladenine (BA) at 100 ppm and yeast extract at 200 ml/L have promoting effect on growth, root yield and quality of sugar beet plants. Keywords: Sugar beet, Benzyladenine (BA), Yeast extract, Growth, Root yield and quality, | ||
| 546 | _aSummary in Arabic | ||
| 650 | 0 |
_aSugar beet _xGrowth _912347 |
|
| 650 | 0 |
_aBenzylaminopurine _933198 |
|
| 650 | 3 | _a yeast extract | |
| 773 | 0 |
_tMansoura University Journal of Plant Production. _g2020.v.11(12) _x2090-3669 _7nnas _wu183247 |
|
| 856 | 4 | 0 |
_uhttp://nile.enal.sci.eg/EALE/2020/MUJPP/1120/12/1341.pdf _zFull Text Article |
| 942 |
_2alc _cAR |
||
| 999 |
_c66794 _d66794 |
||